000 00743nam a22002057a 4500
999 _c6955
_d6955
003 AR-CdUCM
008 190319b ||||| |||| 00| 0 spa d
040 _aMUNICIPALIDAD PROVINCIAL DEL CUSCO
_cBIBLIOTECA MUNICIPAL DEL CUSCO
082 _a180 /
_bK79
100 _aKranz, Walther
_919611
245 _aLa filosofía griega :
_bParte II : Socrates y Platon /
260 _aMéxico :
_bUteha,
_c1962.
300 _a2 tomos ;
_c18 cm.
505 _aContenido : t.2 : La filosofía clásica -- Dialéctica y ética : Sócrates -- Las ideas : Platón -- t.3 : La filosofía clásica -- La filosofía posclásica ...
650 _aFilosofia
_9395
650 _aGrecia
_92521
650 _aHistoria
_9136
942 _2ddc
_cLIBROS
945 _arah